Les 12 coups de midi en 12 images - Statistiques

Statistiques générales
  • Ce quiz a été pris 262 fois
  • Le résultat moyen est 9 sur 12
Statistiques - réponses
Par images Hint Réponse % Correct
Prénom du candidat détenant le record de gain et de participation Émilien
97%
Chaîne de diffusion de l'émission TF1
97%
Présentateur de l'émission Jean-Luc Reichmann
95%
Compléter la citation : Qui dit "rouge" dit… Duel
92%
Nom/titre qu'on donne à l'actuel candidat gagnant toujours en lice Maître de midi
82%
Voix emblématique des 12 coups de midi justifiant les réponses aux questions posés Zette/Isabelle Benhadj
79%
Les Douze Coups de midi est une adaptation d'un format d'un jeu originaire d'un pays d'Amérique du Sud. De quel pays s'agit-il ? Argentine
72%
Nom du coup effectué en en cas de 5 bonnes réponses par le candidat Le Coup de Maître
64%
Jeu dans lequel il faut essayer de trouver qui se cache derrière l'image L'Étoile Mystérieuse
59%
Jeu dans lequel chaque candidat doit choisir une des propositions sans cité l'intrus Le Coup par Coup
57%
Jeu dans lequel 2 candidats s'afrontent en face à face et disposent de 60 secondes chacun pour répondre à une série de questions Le Coup Fatal
53%
Jeu dans lequel les candidats répondent à des questions avec deux possibilités de réponses "L'un ou l'autre" Le Coup d'Envoi
30%
Aucun quiz correspondant
Distribution des résultats
% des personnes avec chaque résultat
Percentile par nombre de réponses
Votre historique - résultats
Vous n’avez pas pris ce quiz